Score 0/22 Timer 02:00
0 Plays Today
Phrase Answer % Correct
_____ showers bring May flowersApril
95.5%
You may ____ the brideKiss
93.7%
To whom it may _____Concern
93%
May the best _____ winMan
91.8%
Sticks and _____ may break my bonesStones
91.8%
How may I _____ you?Help
90.4%
May the _____ be with youForce
90.2%
As luck may _____ itHave
90.1%
May I be _____ from the table?Excused
89.2%
If I may _____ so myselfSay
87%
Be _____ as it mayThat
78.3%
Phrase Answer % Correct
Devil-may-_____Care
75.8%
Come _____ mayWhat
73.3%
Playground game, _____ May I?Mother
72.9%
Let the _____ fall where they mayChips
70%
May all your Christmases be _____White
67.5%
A fool may give a _____ man counselWise
64.3%
May you live in interesting _____Times
61.6%
May to _____ romanceDecember
58%
Your mileage may _____Vary
56.6%
May ____ HolidayBank
25%
A _____ may look at a kingCat
14.3%

Today's Daily Dose

Remove Ads.
Support Sporcle.
Get the best of Sporcle when you Go Orange. This ad-free experience offers more features, more stats, and more fun while also helping to support Sporcle. Thank you for becoming a member.

You're not logged in!

Compare scores with friends on all Sporcle quizzes.
OR
Log In

Show Comments

Extras

Top Quizzes Today


Score Distribution

Your Account Isn't Verified!

In order to create a playlist on Sporcle, you need to verify the email address you used during registration. Go to your Sporcle Settings to finish the process.

Report this User

Report this user for behavior that violates our Community Guidelines.

Details: